000 00634nam a22001937a 4500
005 20170308102344.0
010 _aENG-117465
020 _a9789385496189
_c950.00
035 _aEN-100997
037 _bDBAD/PUB
082 _a921
245 _aMaharana Pratap /
_cedited by Kunwar Ishwar Singh Rathore
260 _aGhaziabad
_bRudra Publishers and Distributiors
_c2016
270 _aS-1, 5/587, Sector-5, Vaishali
_bGhaziabad (U.P.)
_e201002
300 _avii,160p
_c22cm (Hb)
500 _aincludes bibliographical references and index
700 _aRathore, Kunwar Ishwar Singh
942 _2ddc
_cEN
_h921
_mMAH
999 _c138100
_d138100